Acupuncture,meridian theory and acupuncture points

Bibliographic Details
Main Author: Li Ding
Other Authors: Wang Zhaorong, You Benlin
Format: Book
Published: Beijing : Foreign Languages Press , 1991
Subjects:

MARC

LEADER 00000cam a2200000 7i4500
001 0000062466
005 20030109.0
020 |a 0835122212 
090 0 0 |a 615.892   |b LID 
100 0 |a Li Ding 
245 0 0 |a Acupuncture,meridian theory and acupuncture points   |c Li Ding english translation by You Benlin and Wang Zhaorong 
260 |a Beijing :   |b Foreign Languages Press ,   |c 1991 
300 |a 413p. :   |b ill ;   |c 27cm. 
650 0 0 |a Acupuncture 
650 0 0 |a Acupuncture   |x Points 
650 0 0 |a Meridians 
700 0 |a Wang Zhaorong 
700 0 |a You Benlin 
999 |a 117114   |b BUKU   |c PINJAMAN   |e PERPUSTAKAAN KOMUNITI PETALING JAYA